Les industries des corps gras: biochimie, extraction, raffinage, nuisances et réglementation
Uloženo v:
| Hlavní autor: | |
|---|---|
| Médium: | Kniha |
| Jazyk: | francouzština |
| Vydáno: |
París
Technique et Documentation
1974
|
| Témata: | |
| Tagy: |
Přidat tag
Žádné tagy, Buďte první, kdo vytvoří štítek k tomuto záznamu!
|
MARC
| LEADER | 00000nam a2200000 a 4500 | ||
|---|---|---|---|
| 001 | UCR5661 | ||
| 003 | CL-VaPUC | ||
| 008 | 980403e19740000FR |||||||||||||||||fre|d | ||
| 082 | 0 | 4 | |a 665.1 |b FRA |2 21 |
| 100 | 0 | |a François, Roger |e author |9 406549 | |
| 245 | 1 | 4 | |a Les industries des corps gras: biochimie, extraction, raffinage, nuisances et réglementation |
| 300 | |a 431 p | ||
| 942 | |c BK | ||
| 945 | |d 19980403 00:00:00 |a crobeson | ||
| 260 | |a París |b Technique et Documentation |c 1974 | ||
| 650 | 7 | |a GRASAS |2 CL-VaPUC |9 375407 | |
| 650 | 0 | |a Bioquímica |9 259492 | |
| 650 | 0 | |a Lípidos |9 306890 | |
| 650 | 7 | |a GRASA ANIMAL |2 CL-VaPUC |9 396210 | |
| 583 | |a last modification |c 19980403 00:00:00 |k Rodrigo Vera | ||
| 999 | |c 268124 |d 268122 | ||
| 952 | |0 0 |1 0 |4 0 |6 665_100000000000000_FRA_1974 |7 0 |8 A |9 301053 |a BIBALI |b BIBALI |d 2019-11-20 |i 1977121 |o 665.1 FRA 1974 |p 1977121 |r 2025-01-20 |w 2019-11-20 |y BK |k ALI | ||